header

Elisabeth Kübler-Ross : (Record no. 250951)

MARC details
000 -LEADER
fixed length control field 01424cam a22003494a 4500
001 - CONTROL NUMBER
control field 13566290
003 - CONTROL NUMBER IDENTIFIER
control field OSt
005 - DATE AND TIME OF LATEST TRANSACTION
control field 20151026152602.0
008 - FIXED-LENGTH DATA ELEMENTS--GENERAL INFORMATION
fixed length control field 040421s2005 paua b 001 0beng
010 ## - LIBRARY OF CONGRESS CONTROL NUMBER
LC control number 2004009325
020 ## - INTERNATIONAL STANDARD BOOK NUMBER
International Standard Book Number 0791080277
040 ## - CATALOGING SOURCE
Original cataloging agency DLC
Transcribing agency DLC
Modifying agency DLC
042 ## - AUTHENTICATION CODE
Authentication code pcc
043 ## - GEOGRAPHIC AREA CODE
Geographic area code n-us---
050 00 - LIBRARY OF CONGRESS CALL NUMBER
Classification number RC339.52.K83
Item number W67 2005
082 00 - DEWEY DECIMAL CLASSIFICATION NUMBER
Classification number 616.89/0092
-- B
Edition number 22
100 1# - MAIN ENTRY--PERSONAL NAME
Personal name Worth, Richard.
245 10 - TITLE STATEMENT
Title Elisabeth Kübler-Ross :
Remainder of title encountering death and dying /
Statement of responsibility, etc Richard Worth.
260 ## - PUBLICATION, DISTRIBUTION, ETC. (IMPRINT)
Place of publication, distribution, etc Philadelphia :
Name of publisher, distributor, etc Chelsea House Publishers,
Date of publication, distribution, etc c2005.
300 ## - PHYSICAL DESCRIPTION
Extent 116 p. :
Other physical details ill. (some col.) ;
Dimensions 23 cm.
440 #0 - SERIES STATEMENT/ADDED ENTRY--TITLE
Title Women in medicine
504 ## - BIBLIOGRAPHY, ETC. NOTE
Bibliography, etc "Chronology": p. 100-102.
Bibliography, etc Includes bibliographical references (p. 103-106) and index.
505 0# - FORMATTED CONTENTS NOTE
Formatted contents note Dr. Kübler-Ross, death, and dying -- Early years -- Dr. Kübler-Ross -- On death and dying -- Children and death -- Life after death -- The hospice movement and aids -- Helping the dying and their families.
600 10 - SUBJECT ADDED ENTRY--PERSONAL NAME
Personal name Kübler-Ross, Elisabeth.
650 #0 - SUBJECT ADDED ENTRY--TOPICAL TERM
Topical term or geographic name as entry element Psychiatrists
Geographic subdivision United States
Form subdivision Biography.
Topical term or geographic name as entry element Death
General subdivision Psychological aspects.
856 41 - ELECTRONIC LOCATION AND ACCESS
Materials specified Table of contents
Uniform Resource Identifier <a href="http://www.loc.gov/catdir/toc/ecip0417/2004009325.html">http://www.loc.gov/catdir/toc/ecip0417/2004009325.html</a>
906 ## - LOCAL DATA ELEMENT F, LDF (RLIN)
a 7
b cbc
c orignew
d 1
e ecip
f 20
g y-gencatlg
942 ## - ADDED ENTRY ELEMENTS (KOHA)
Source of classification or shelving scheme Library of Congress Classification
Koha item type Long Loan Books
Holdings
Withdrawn status Lost status Source of classification or shelving scheme Damaged status Not for loan Collection code Home library Current library Shelving location Date acquired Total Checkouts Full call number Barcode Date last seen Price effective from Koha item type
    Library of Congress Classification     Non-fiction Rongo University Library Rongo University Library General Stacks 26/10/2015   RC339.52.K83 W67 2005 20153851 26/10/2015 26/10/2015 Long Loan Books

© 2026 Rongo University
Contact us: librarian | system librarian | Rongo university